La voile de A à Z - Statistiques

Statistiques générales
  • Ce quiz a été pris 292 fois
    16 depuis la dernière actualisation
  • Le résultat moyen est 16 sur 25
Statistiques - réponses
Indices Réponses % Correct
B Côté gauche babord
100%
N Il peut être plat, de cabestan ou de chaise noeud
100%
F Voile d'avant foc
92%
M Piece souvent verticale servant a supporter la voilure mat
92%
S Grand voile à l'avant utilisée au portant spinnaker
92%
D Pour hisser les voiles drisse
85%
Q Partie sous le bateau faisant office de contre-poids quille
85%
U Celebre navigateur de la mythologie grecque Ulysse
85%
G Sert à diriger le bateau gouvernail
77%
K Sport de glisse avec une aile kitesurf
77%
Z Bruit quand on fait dodo zzz
77%
H Soutient le mat latéralement Hauban
69%
L Se rapprocher de l'axe du vent lofer
69%
Y Grand bateau de plaisance yacht
69%
C Éloigner la voile de l’axe du bateau en relâchant le “cordage“ choquer
62%
V Changement d'amure, en passant face au vent Virement de bord
62%
E On la tire pour border une voile écoute
54%
P Absence de vent pétole
46%
R Positionnement de l'équipage pour équilibrer le bateau (surtout en voile légère) rappel
46%
I Support utilisé pour le Vendée Globe Imoca
38%
W Treuil pour border ou étarquer des écoutes et des drisses winch
31%
A Instrument de navigation Astrolabe
23%
J Empannage au planning jibe
15%
O Cordage reliant une ancre à la bouée pour marquer son emplacement orin
15%
T Petite voile souvent orange utilisée par mauvais temps tourmentin
8%
Aucun quiz correspondant
Distribution des résultats
% des personnes avec chaque résultat
Percentile par nombre de réponses
Votre historique - résultats
Vous n’avez pas pris ce quiz depuis la dernière actualisation